000 00704cam a22002294a 4500
001 ca 36000798
003 DLC
005 20260227111141.0
008 080508s1933 mx m 000 0 spa
010 _aca 36000798
040 _aDLC
_cDLC
043 _an-mx---
050 0 0 _aKGF1354
_b.J56 1933
100 1 _aJiménez Cabral, Romeo.
245 1 0 _aProtección de las minorías en las sociedades anónimas /
_cRomeo Jiménez Cabral.
260 _aMéxico,
_c1933.
300 _a33 leaves ;
_c28 cm.
500 _aMimeographed.
502 _aThesis--Universidad Nacional Autónoma, 1933.
650 0 _aMinority stockholders
_xLegal status, laws, etc.
_zMexico.
650 0 _aCorporation law
_zMexico.
999 _c18121
_d18121